000 nam a22 a 4500
999 _c1260
_d1260
003 AKMAL
005 20170509115816.0
008 170509s2002 my e 00 eng d
020 _a9834070012 (pbk.):
_cRM15.00
040 _aAKMAL
082 0 4 _a302.14 INS
_221
090 0 0 _a302.14
_bINS
245 0 0 _aInspiring moments :
_bThe anthology of Glimpses by Mass Communcations students- class of 2001
260 _aPetaling Jaya :
_bLimkokwing Institut of Creative Technology,
_c2002
300 0 0 _a139p. :
_bill. ;
_c15x15cm
600 0 0 _aLim Kok Wing
_xPhilosophy
_92500
650 0 _aSuccessful people
_zMalaysia
_92501
942 _2ddc
_cBOOK